[Event "6th ECCW"]
[Site "Belgrade YUG"]
[Date "2001.09.21"]
[Round "6"]
[White "Zhukova,N"]
[Black "Savic,Ma"]
[Result "1-0"]
[WhiteElo "2440"]
[BlackElo "2180"]

1.d4 d5 2.c4 dxc4 3.Nf3 Nf6 4.e3 e6 5.Bxc4 c5 6.O-O a6 7.a4 Nc6 8.Qe2 cxd4
9.Rd1 Be7 10.exd4 O-O 11.Nc3 Nd5 12.Bb3 b6 13.Nxd5 exd5 14.Ne5 Nb4 15.Bd2 Bb7
16.Rac1 Rc8 17.Rc3 Rxc3 18.bxc3 Nc6 19.Nxc6 Bxc6 20.Qxa6 Qc7 21.Re1 Ra8 22.Qd3 Qd7
23.Qf3 Ra5 24.Qg3 Bxa4 25.Qb8+ Bd8 26.Bxa4 Rxa4 27.Qc8  1-0

[Event "6th ECCW"]
[Site "Belgrade YUG"]
[Date "2001.09.22"]
[Round "7"]
[White "Khurtsidze,N"]
[Black "Krivec,J"]
[Result "1/2-1/2"]
[WhiteElo "2446"]
[BlackElo "2242"]

1.d4 d5 2.Nf3 Nf6 3.c4 dxc4 4.e3 e6 5.Bxc4 c5 6.O-O a6 7.Bb3 b5 8.a4 b4 9.Nbd2 Be7
10.a5 O-O 11.e4 cxd4 12.e5 Nfd7 13.Nc4 Nc6 14.Bf4 Nc5 15.Ba4 Nxa4 16.Qxa4 Bd7
17.Qb3 Rb8 18.Rfd1 Bc5 19.Ng5 Be7 20.Nf3 Bc5 21.Qd3 h6 22.Nfd2 Rb5 23.Nb3 Qh4
24.Bg3 Qe7 25.Rac1 Qd8 26.Qe4 Ba7 27.Bf4 g5 28.Bg3 f5 29.exf6 Qxf6 30.Nd6 Rd5
31.Qd3 Bb8 32.Ne4 Qf5 33.Bxb8 Rxb8 34.Nec5 Qxd3 35.Rxd3 Ne5 36.Rxd4 Rxd4
37.Nxd4 Bb5 38.Ncxe6 Bc4 39.h4 Re8 40.Nc5 Rd8 41.Nf5 Kh7 42.h5 Rd5 43.Ne4 Rxa5
44.Nfd6 Be6 45.Rc7+ Kg8 46.Re7 Ng4 47.g3 Bd5 48.f3 Bxe4 49.Nxe4 Ra1+ 50.Kg2 Ne3+
51.Kh2 Nf1+ 52.Kg2 Ne3+ 53.Kh2  1/2-1/2

[Event "ECC"]
[Site "Panormo GRE"]
[Date "2001.09.23"]
[Round "1"]
[White "Georgiev,Ki"]
[Black "Lev,R"]
[Result "1/2-1/2"]
[WhiteElo "2695"]
[BlackElo "2447"]

1.d4 d5 2.Nf3 Nf6 3.c4 dxc4 4.e3 e6 5.Bxc4 c5 6.O-O a6 7.Bb3 Nc6 8.Nc3 Be7
9.dxc5 Bxc5 10.Qxd8+ Kxd8 11.Rd1+ Ke7 12.e4 Ng4 13.Bg5+ f6 14.Bh4 Rd8 15.Bg3 Rxd1+
16.Rxd1 Nge5 17.Nxe5 Nxe5 18.Kf1 Bd7 19.f3 Rc8 20.Bf2 b5 21.Bxc5+ Rxc5 22.a3 Nc4
23.Bxc4 Rxc4 24.Ke2 a5 25.Kd3 Rc5 26.Na2 e5 27.Rc1 Rxc1 28.Nxc1 Be6 29.b3 Kd6
30.Kc3 g5 31.Nd3 h5 32.g3 f5 33.b4 a4 34.Kd2 g4 35.Ke3 gxf3 36.Kxf3 fxe4+
37.Kxe4 Bd5+ 38.Ke3 Bf7 39.h3 Kd5 40.g4 h4 41.g5 Be6 42.g6 Bxh3 43.Nc5 Be6
44.Kf3 Bg8 45.Kg4 Kd4 46.Kxh4 e4 47.Kg3 e3 48.Kf3 Bd5+ 49.Ke2 Bc4+ 50.Ke1 Kc3
51.Ne4+ Kb2 52.Nd6 Kxa3 53.Nxc4+ bxc4 54.g7 c3 55.g8=Q c2 56.Qc4 Kb2 57.Qd4+ Kb1
58.Qd3 Kb2 59.Qd4+ Kb1 60.Qe4 Kb2  1/2-1/2

[Event "ECC"]
[Site "Panormo GRE"]
[Date "2001.09.23"]
[Round "1"]
[White "Mikhalevski,V"]
[Black "Maljush,A"]
[Result "1-0"]
[WhiteElo "2501"]
[BlackElo "2312"]

1.d4 d5 2.c4 e6 3.Nf3 dxc4 4.e3 c5 5.Bxc4 Nf6 6.O-O Be7 7.dxc5 Qxd1 8.Rxd1 Bxc5
9.a3 Nc6 10.b4 Bb6 11.Nc3 a6 12.Bb2 Bc7 13.Rac1 Bd7 14.Na4 Ne5 15.Nc5 Nxf3+
16.gxf3 Bc6 17.Be2 Rc8 18.Nxa6 bxa6 19.Bxa6 Bxf3 20.Bxc8 Bxd1 21.Rxd1 Ke7
22.Bb7 Ng4 23.a4 Bxh2+ 24.Kg2 h5 25.a5 h4 26.a6 Bb8 27.b5 Rh5 28.b6 Rb5 29.Ba3+ Kf6
30.a7 h3+ 31.Kf3  1-0

[Event "ECC"]
[Site "Panormo GRE"]
[Date "2001.09.24"]
[Round "2"]
[White "Horvath,Mario"]
[Black "Lev,R"]
[Result "0-1"]
[WhiteElo "2257"]
[BlackElo "2447"]

1.d4 d5 2.c4 dxc4 3.Nf3 Nf6 4.e3 e6 5.Bxc4 c5 6.O-O a6 7.dxc5 Bxc5 8.Qxd8+ Kxd8
9.b3 b5 10.Be2 Bb7 11.Bb2 Nbd7 12.Nbd2 Ke7 13.Rfd1 Rhc8 14.Rac1 Bd6 15.Kf1 g6
16.a3 e5 17.a4 Bc6 18.axb5 axb5 19.Ra1 h6 20.Rdc1 Rxa1 21.Rxa1 Ke6 22.h3 Nd5
23.Rc1 Nb4 24.Ne1 f5 25.g4 Ra8 26.Ra1 Rxa1 27.Bxa1 Nc5 28.Bb2 Bc7 29.Nb1 Nd5
30.Bd1 Ba5 31.gxf5+ gxf5 32.Bc2 Nb4 33.Bc3 Nxc2 34.Bxa5 Nxb3 35.Bc7 Nb4 36.Ke2 Nd5
37.Bb8 b4 38.Kd3 Bb5+ 39.Kc2 Nc5 40.Nd2 Ba4+ 41.Kc1 Nc3 42.Ba7 N5e4 43.Nxe4 fxe4
44.Bc5 Kd5 45.Bf8 h5 46.Kd2 Kc4 47.Bg7 b3 48.Kc1 Kd5 49.f3 Nd1 50.fxe4+ Kxe4
51.Ng2 b2+ 52.Kb1 Bd7  0-1

[Event "ECC"]
[Site "Panormo GRE"]
[Date "2001.09.26"]
[Round "4"]
[White "Har Zvi,R"]
[Black "Lev,R"]
[Result "1/2-1/2"]
[WhiteElo "2515"]
[BlackElo "2447"]

1.Nf3 d5 2.d4 Nf6 3.c4 dxc4 4.e3 e6 5.Bxc4 c5 6.O-O a6 7.Bb3 Nc6 8.Nc3 Be7
9.dxc5 Bxc5 10.Qxd8+ Kxd8 11.Bd2  1/2-1/2

[Event "ECC"]
[Site "Panormo GRE"]
[Date "2001.09.27"]
[Round "5"]
[White "Pedersen,St"]
[Black "Har Zvi,R"]
[Result "1/2-1/2"]
[WhiteElo "2453"]
[BlackElo "2515"]

1.d4 d5 2.c4 dxc4 3.Nf3 e6 4.e3 Nf6 5.Bxc4 c5 6.O-O a6 7.Bb3 Nc6 8.Qe2 cxd4
9.Rd1 Be7 10.exd4 Na5 11.Bc2 b5 12.Nc3 Bb7  1/2-1/2

[Event "Chigorin Mem Open"]
[Site "St Petersburg RUS"]
[Date "2001.10.01"]
[Round "7"]
[White "Rychagov,A"]
[Black "Arakelov,I"]
[Result "1-0"]
[WhiteElo "2513"]
[BlackElo "2365"]

1.d4 d5 2.c4 dxc4 3.Nf3 Nf6 4.e3 e6 5.Bxc4 c5 6.O-O a6 7.Bb3 b5 8.a4 Bb7
9.Qe2 Qb6 10.dxc5 Bxc5 11.axb5 axb5 12.Rxa8 Bxa8 13.Nc3 Bc6 14.Ne5 Ne4 15.Qh5 g6
16.Qf3 Nd6 17.e4 Bd4 18.Qf6 O-O 19.Bh6 Ne8 20.Qf4 Ng7 21.Ng4 Nh5 22.Qg5 Bg7
23.Bxg7 Kxg7 24.Qe5+ f6 25.Qxe6 Qc5 26.Rd1 Nf4 27.Qd6 Qxd6 28.Rxd6 b4 29.Nd5 Ne2+
30.Kh1 Nd4 31.Bc4 f5 32.Ne5 fxe4 33.Nxb4 Rxf2 34.Kg1 Rd2 35.Nbxc6 Nbxc6 36.Rd7+ Kf6
37.Nxc6 Rd1+ 38.Bf1 Ne2+ 39.Kf2 Rxd7 40.Bxe2 Rc7 41.Na5 Ke5 42.Ke3 Rc2 43.Nc4+ Kd5
44.h4 h6 45.Bf1 Rc1 46.Nd2 Rc2 47.Bc4+ Ke5 48.Be2 Kd5 49.Nc4 Rc1 50.Nb6+ Ke5
51.Nd7+ Kf5 52.b4 Rc3+ 53.Kd2 Rb3 54.b5 Rb2+ 55.Ke3 Rb3+ 56.Kf2 Kf4 57.g3+ Rxg3
58.Nc5 Rc3 59.b6 Rc2 60.b7 Rb2 61.Kf1 Ke3 62.Ba6 Kf3 63.Be2+ Ke3 64.Bc4 Rb4
65.Ba6 Kf3 66.Ke1 Rb1+ 67.Kd2 g5 68.hxg5 hxg5 69.Kc2 Rb6 70.Na4 Rb4 71.Kc3 Rxb7
72.Bxb7 g4 73.Nc5  1-0

[Event "Chigorin Mem Open"]
[Site "St Petersburg RUS"]
[Date "2001.10.03"]
[Round "9"]
[White "Inarkiev,E"]
[Black "Arakelov,I"]
[Result "1-0"]
[WhiteElo "2491"]
[BlackElo "2365"]

1.d4 d5 2.c4 dxc4 3.Nf3 Nf6 4.e3 e6 5.Bxc4 c5 6.O-O a6 7.Bb3 Nc6 8.Qe2 cxd4
9.Rd1 Be7 10.Nc3 O-O 11.Nxd4 Qc7 12.Nxc6 Qxc6 13.Bd2 b5 14.Rac1 Qb7 15.a3 Bd7
16.e4 Bc6 17.Bg5 Rfd8 18.f3 Ng4 19.Bxe7 Qa7+ 20.Kh1 Nf2+ 21.Qxf2 Qxf2 22.Bxd8 Qxb2
23.Ba2 Qxa3 24.Bb1 Be8 25.Ne2 Qe3 26.Ng1 h6 27.e5 g6 28.Ba5 Qa3 29.Be4 Ra7
30.Rc8 Qxa5 31.Rxe8+ Kg7 32.Rdd8 f5 33.Rg8+ Kf7 34.Rdf8+ Ke7 35.Rf6 fxe4
36.Rg7+ Ke8 37.Rxe6+ Kf8 38.Rxa7 e3 39.Rf6+ Ke8 40.e6 e2 41.Ra8+  1-0

[Event "Tatry Open"]
[Site "High Tatras SVK"]
[Date "2001.10.04"]
[Round "7"]
[White "Hlinka,V"]
[Black "Lanc,A"]
[Result "1/2-1/2"]
[WhiteElo "2142"]
[BlackElo "2373"]

1.d4 d5 2.c4 dxc4 3.Nf3 Nf6 4.e3 e6 5.Bxc4 c5 6.O-O Nc6 7.Nc3 a6 8.Bb3 Be7
9.dxc5 Qxd1 10.Rxd1 Bxc5 11.a3 Be7 12.h3 b5 13.Bc2 Bb7 14.b4 Rc8 15.Bb2 O-O
16.Bb3 Rfd8 17.Rxd8+ Rxd8 18.Rd1 Rxd1+ 19.Bxd1 Nd7 20.Bb3 Bf6 21.Nd1 a5 22.Bxf6 Nxf6
23.Nc3 axb4 24.axb4 Nxb4  1/2-1/2

[Event "TCh-SLO"]
[Site "Bled SLO"]
[Date "2001.10.18"]
[Round "1"]
[White "Srebrnic,V"]
[Black "Gruskovnjak,T"]
[Result "1-0"]
[WhiteElo "2211"]
[BlackElo "2281"]

1.Nf3 d5 2.d4 Nf6 3.c4 dxc4 4.e3 e6 5.Bxc4 c5 6.O-O a6 7.a4 Nc6 8.Nc3 Qc7
9.Qe2 Bd6 10.Rd1 O-O 11.h3 b6 12.dxc5 Bxc5 13.e4 Nd7 14.Be3 Nce5 15.Nxe5 Qxe5
16.Rac1 Bxe3 17.Qxe3 Qa5 18.Rd4 Rb8 19.b4 Qxb4 20.Bxe6 Qe7 21.Bxd7 Bxd7 22.Nd5 Qd8
23.e5 Kh8 24.Rcd1 Be6 25.Nf6 Qe7 26.Rh4 Bf5 27.Qg5 Qe6 28.Nd7 Rbd8 29.Rd6 Rxd7  1-0

[Event "It"]
[Site "Durres ALB"]
[Date "2001.10.18"]
[Round "7"]
[White "Mitkov,M"]
[Black "Karkanaque,I"]
[Result "1/2-1/2"]
[WhiteElo "2413"]
[BlackElo "2382"]

1.d4 d5 2.c4 dxc4 3.e3 Nf6 4.Bxc4 e6 5.Nf3 c5 6.O-O a6 7.a4 Nc6 8.Qe2 cxd4
9.Rd1 Be7 10.exd4 O-O 11.Nc3 Nd5 12.Bd3 Ncb4 13.Bb1 b6 14.Ne5 Bb7 15.Ra3 f5
16.Nf3 Nc7 17.Bf4 Nbd5 18.Bxc7 Nxc7 19.Rb3 Qd6 20.Ne5 b5 21.Nc4 bxc4 22.Rxb7 Qc6
23.Qf3 Qxf3 24.gxf3 Bd6 25.Rb6 Rfd8 26.Rc6 Rab8 27.Rd2 Bf4 28.Rc2 Rxd4 29.Ba2 Nd5
30.Rxc4 Rxc4 31.Bxc4 Nxc3 32.Bxe6+ Kf8 33.bxc3 Rb1+ 34.Kg2 Rc1 35.Rxc1 Bxc1
36.Bxf5 h6 37.Kg3 Ke7 38.f4 a5 39.Kf3 Bb2 40.c4 Kd6 41.Ke4 Kc5 42.Kd3 Bf6
43.Bd7 Bb2 44.Bb5 Bf6 45.Ke4 Kd6 46.Kf5 Bc3 47.Kg6 Bf6 48.Kf7 Bb2 49.h4 Bc3
50.h5 Bd4 51.f3 Bc3 52.Kf8 Bf6 53.Ke8 Bh4 54.f5 Bg5 55.Kf7 Bf6 56.f4 Bd4  1/2-1/2

[Event "TCh-CZE 2001-2"]
[Site "CZE"]
[Date "2001.10.20"]
[Round "1"]
[White "Jaworski,Mi"]
[Black "Jackova,J"]
[Result "1/2-1/2"]
[WhiteElo "2381"]
[BlackElo "2376"]

1.d4 d5 2.c4 dxc4 3.Nf3 Nf6 4.e3 e6 5.Bxc4 c5 6.O-O a6 7.a4 Nc6 8.Qe2 Be7
9.Rd1 Qc7 10.Nc3 O-O 11.dxc5 Bxc5 12.b3 e5 13.Nd5 Nxd5 14.Rxd5 Bd6 15.Bb2 Be6
16.Rdd1 e4 17.Ng5 Bf5 18.Nxf7 Rxf7 19.Bxf7+ Kxf7 20.Qh5+ Bg6 21.Qd5+ Ke7
22.h4 h6 23.Bxg7 Rd8 24.Qc4 Ne5 25.Qxc7+ Bxc7 26.Rxd8 Kxd8 27.Bxh6 Nd3 28.Bg7 Bh5
29.a5 Nc5 30.b4 Nd3 31.Rb1 Kd7 32.b5 Bxa5 33.bxa6 bxa6 34.Ra1 Be1 35.f3 exf3
36.gxf3 Bxf3 37.Rxe1 Nxe1 38.Kf2 Ng2 39.Kxf3 Nxh4+ 40.Kg4 Ng2 41.e4  1/2-1/2

[Event "TCh-FIN 2001-02"]
[Site "FIN"]
[Date "2001.10.21"]
[Round "3"]
[White "Niemela,A"]
[Black "Kekki,P"]
[Result "1/2-1/2"]
[WhiteElo "2244"]
[BlackElo "2286"]

1.d4 d5 2.c4 dxc4 3.Nf3 e6 4.e3 Nf6 5.Bxc4 c5 6.O-O a6 7.Bd3 b6 8.Nc3 Bb7
9.Qe2 Nbd7 10.Rd1 Qb8 11.h3 Bd6 12.Nd2 O-O 13.Nde4 Bh2+ 14.Kf1 cxd4 15.exd4 Bf4
16.Kg1 Rd8 17.Be3 Ra7 18.Rac1 Nxe4 19.Nxe4 Nf8 20.Rc3 Ng6 21.Bb1 Qa8 22.f3 Qb8
23.Qc2 a5 24.Bf2 f5 25.Nd2 Bd5 26.Nf1 Rad7 27.a4 Ne7 28.Ne3 Kh8 29.Qe2 Bb7
30.Ba2 e5 31.d5 Nxd5 32.Bxd5 Bxd5 33.Nxd5 Rxd5 34.Rxd5 Rxd5 35.Qc2 Rd8 36.g3 Bd2
37.Rc6 e4 38.fxe4 f4 39.Rxb6 Qe5 40.Rb5 Qe7 41.Rd5 fxg3 42.Bc5 Be3+ 43.Bxe3 Rxd5
44.exd5 Qxe3+ 45.Kg2 Kg8 46.Qc8+ Kf7 47.Qd7+ Kg6 48.Qg4+ Kf6 49.Qh4+ Qg5
50.Qd4+ Qe5 51.Qb6+ Kf5 52.Qxa5 Qxb2+ 53.Kxg3 Qb3+ 54.Kg2 Qc2+ 55.Kg3 Qd3+
56.Kg2 Qe2+ 57.Kg3 Qe3+ 58.Kg2 Qe2+  1/2-1/2

[Event "TSGM October"]
[Site "Belgrade YUG"]
[Date "2001.10.22"]
[Round "3"]
[White "Nestorovic,D"]
[Black "Todorov,O"]
[Result "0-1"]
[WhiteElo "2428"]
[BlackElo "2381"]

1.d4 d5 2.c4 dxc4 3.e3 c5 4.Bxc4 e6 5.Nf3 Nf6 6.O-O Nc6 7.Qe2 cxd4 8.Rd1 Be7
9.exd4 O-O 10.Nc3 Na5 11.Bd3 b6 12.Ne5 Bb7 13.Qe3 Nd5 14.Qh3 f5 15.Bf1 Bf6
16.Bd2 Qe7 17.Rac1 Rac8 18.Nxd5 Bxd5 19.Ba6 Rxc1 20.Rxc1 Bxe5 21.dxe5 Bxa2
22.Qg3 Nb3 23.Bg5 Qf7 24.Rd1 Nc5 25.Qa3 Bd5 26.Bf1 Qh5 27.Rxd5 exd5 28.Be7 Re8
29.Bxc5 bxc5 30.Qxc5 Qf7 31.f4 Qb7 32.Qc2 g6 33.h4 Rc8 34.Qd2 Qb6+ 35.Kh2 d4
36.Bd3 a5 37.Qe2 Qc5 38.Qf3 Qc6 39.Qf2 Qc5 40.Qf3 Qc6 41.Qf2 Qd5 42.Qd2 Kg7
43.Qd1 Rc7 44.Qd2 Qc5 45.Qf2 Qb4 46.g4 fxg4 47.f5 gxf5 48.Qxf5 Qd2+ 49.Kg3 Qe3+
50.Kxg4 Qg1+ 51.Kh3 Qg6 52.Qf3 Qe6+ 53.Bf5 Qxe5 54.Qg2+ Kf8  0-1

[Event "WYB14"]
[Site "Oropesa del Mar ESP"]
[Date "2001.10.22"]
[Round "2"]
[White "Brkic,A"]
[Black "Ong,Kez"]
[Result "1-0"]
[WhiteElo "2330"]
[BlackElo "2124"]

1.d4 d5 2.Nf3 Nf6 3.c4 dxc4 4.e3 e6 5.Bxc4 c5 6.O-O a6 7.Bb3 b5 8.a4 Bb7
9.Nbd2 Nbd7 10.Qe2 Qb6 11.a5 Qa7 12.e4 cxd4 13.e5 Nd5 14.Ne4 Nb4 15.Nfg5 h6
16.Nxf7 Kxf7 17.Qh5+ g6 18.Ng5+ hxg5 19.Qxh8 Bd5 20.Bxd5 Nxd5 21.Bxg5 Bg7
22.Qh3 Bxe5 23.Rae1 Rh8 24.Qf3+ Kg7 25.h4 Qb8 26.Qg4 Nc7 27.Rxe5 Nxe5 28.Qxd4 Nd5
29.f4 Rc8 30.fxe5 Rf8 31.Bf6+ Kh7 32.h5 Qe8 33.Qe4 Rg8 34.Rf3 Nxf6 35.Rxf6 Kh6
36.Qh4 Kg7 37.hxg6 Rh8 38.Qd4 Rh6 39.Qa7+ Kh8 40.g7+ Kh7 41.g8=Q+ Kxg8 42.Rxh6  1-0

[Event "WYG18"]
[Site "Oropesa del Mar ESP"]
[Date "2001.10.22"]
[Round "2"]
[White "Franciskovic,D"]
[Black "Levushkina,E"]
[Result "1/2-1/2"]
[WhiteElo "2025"]
[BlackElo "2280"]

1.d4 d5 2.Nf3 Nf6 3.c4 dxc4 4.e3 e6 5.Bxc4 c5 6.O-O a6 7.dxc5 Qxd1 8.Rxd1 Bxc5
9.Be2 Nc6 10.Nbd2 O-O 11.b3 Rd8 12.Bb2 Nd5 13.Rac1 Ba7 14.a3 Bd7 15.b4 Nce7
16.Bc4 Ba4 17.Bb3 Bxb3 18.Nxb3 h6 19.Nbd4 Rac8 20.Rxc8 Rxc8 21.Rc1 Rxc1+
22.Bxc1 Nc8 23.Kf1 Nd6 24.Nb3 Kf8 25.Nfd2 Ke7 26.Bb2 g6 27.Ke2 Nb5 28.Na5 Nd6
29.Ndc4 Nxc4 30.Nxc4 b5 31.Ne5 Bb6 32.Kd3 Bc7 33.Nc6+ Kd7 34.Ne5+ Bxe5 35.Bxe5 Nb6
36.Bb2 Kd6 37.f3 h5 38.Bc1 Nc4 39.e4 f5 40.Kd4 e5+ 41.Kd3 Ke6 42.h3 Kf6 43.g4 f4
44.gxh5 gxh5 45.h4 Nb6 46.Bd2 Ke7 47.Bc1 Kd6 48.Kc3 Nd7 49.Bd2 Nf8 50.Kd3 Ng6
51.Be1 Ke6 52.Ke2 Nf8 53.Bc3 Kd6 54.Kd3 Nd7 55.Bd2 Nb6 56.Bc1 Kc6 57.Ke2 Nc4
58.Kd3 Nd6 59.Bb2 Nf7 60.Bc3 Kd6 61.Ke2 Ke6 62.Kd3 Nd6 63.Bd2 Nc4 64.Bc1  1/2-1/2

[Event "Chigorin Mem Open"]
[Site "St Petersburg RUS"]
[Date "2001.10.26"]
[Round "1"]
[White "Dobrov,V"]
[Black "Fazulyanov,S"]
[Result "1/2-1/2"]
[WhiteElo "2436"]
[BlackElo "2217"]

1.d4 d5 2.c4 dxc4 3.e3 Nf6 4.Bxc4 e6 5.Nf3 c5 6.O-O a6 7.Bb3 Nc6 8.Nc3 Be7
9.Qe2 cxd4 10.Rd1 O-O 11.exd4 Nb4 12.Ne5 Nbd5 13.Rd3 Qd6 14.Rg3 Kh8 15.Qf3 b5
16.Bf4 Qb6 17.Nxd5 exd5 18.Bxd5 Nxd5 19.Qxd5 Be6 20.Nd7 Bxd7 21.Qxd7 Bf6
22.Be5 Rad8 23.Qf5 Bxe5 24.dxe5 Qd4 25.Re1 Qxb2 26.Qg5 Rg8 27.a3 Qc2 28.h4 Rd1
29.Rxd1 Qxd1+ 30.Kh2 Qd8 31.Qf4 Qe7 32.Rd3 Re8 33.g3 h6 34.Qf3 Kg8 35.Qc6 Qe6
36.Qxe6 Rxe6 37.Rd8+ Kh7 38.f4 Rc6 39.Rd6 Rc2+ 40.Kh3 a5 41.Rd5 Rb2 42.h5 Rb3
43.Rd7 Kg8 44.Rd8+ Kh7 45.Rf8 Rxa3 46.Rxf7 Kg8 47.Rb7 b4 48.Kg4 Rc3 49.Rb5 Rc8
50.Rxa5 Rb8 51.Ra2 Kf7 52.Kf3 b3 53.Rb2 g6 54.hxg6+ Kxg6 55.Ke4 h5 56.f5+ Kg5
57.f6 Kg6 58.Kd5 Kf7 59.Kc4 Re8 60.Kd4 Rb8 61.Kc3 Rb5 62.Re2 b2 63.Rxb2  1/2-1/2

[Event "Chigorin Mem Open"]
[Site "St Petersburg RUS"]
[Date "2001.10.27"]
[Round "2"]
[White "Eliseev,A"]
[Black "Melnikov,D"]
[Result "1-0"]
[WhiteElo "2482"]
[BlackElo "2276"]

1.d4 d5 2.c4 dxc4 3.e3 Nf6 4.Bxc4 e6 5.Nf3 c5 6.O-O a6 7.Nc3 b5 8.Bb3 Bb7
9.Qe2 cxd4 10.exd4 Be7 11.Re1 Nc6 12.Bg5 Nxd4 13.Nxd4 Qxd4 14.Rad1 Qg4 15.Qxg4 Nxg4
16.Bxe6 Nf6 17.Bxf6 gxf6 18.Bxf7+ Kxf7 19.Rd7 Rhe8 20.Rxb7 Rab8 21.Ra7 Ra8
22.Rd7 Rad8 23.Red1 Rxd7 24.Rxd7 Kg6 25.g3 Bc5 26.Kg2 Re1 27.Kf3 Rf1 28.Ne4 Bb4
29.Ra7 f5 30.Rxa6+ Kg7 31.Nd6 f4 32.gxf4 Bc5 33.Ne4 Bd4 34.b3 Rh1 35.Rd6 Bb2
36.Rd2 Ba3 37.Rd7+ Kh8 38.Kg2 Re1 39.f3 Bf8 40.f5 Re2+ 41.Kg3 h5 42.h4 Bb4
43.Kf4 Bf8 44.f6 Rxa2 45.Ng5 Kg8 46.Rh7 Bd6+ 47.Kf5  1-0

[Event "Chigorin Mem Open"]
[Site "St Petersburg RUS"]
[Date "2001.10.29"]
[Round "4"]
[White "Hansson,H"]
[Black "Melnikov,D"]
[Result "0-1"]
[WhiteElo "2182"]
[BlackElo "2276"]

1.d4 d5 2.c4 dxc4 3.Nf3 Nf6 4.e3 e6 5.Bxc4 c5 6.O-O a6 7.a4 Nc6 8.Nc3 cxd4
9.exd4 Be7 10.d5 exd5 11.Nxd5 Nxd5 12.Qxd5 Qxd5 13.Bxd5 O-O 14.Bg5 Bxg5 15.Nxg5 Bf5
16.Rac1 Rab8 17.Rfd1 h6 18.Ne4 Nb4 19.Nd6 Bg6 20.Bxb7 Nd3 21.Ra1 Rfd8 22.Nxf7 Bxf7
23.Bxa6 Nxb2 24.Rxd8+ Rxd8 25.a5 Nc4 26.f3 Ra8 27.Bb7 Rxa5 28.Rxa5 Nxa5 29.Be4 Kf8
30.Kf2 Nc4 31.Bc6 Ke7 32.Bb7 Kf6 33.Bc6 Be6 34.Be8 g5 35.Bc6 Ke5 36.Kg3 Ne3
37.Kf2 Nf5 38.Be8 Kf4 39.Bc6 Nd4 40.Be8 Bc4 41.Bg6 Nb3 42.Bc2 Nd2 43.Bg6 Nf1
44.g3+ Ke5 45.Kg2 Kd4 46.f4 Ne3+ 47.Kg1 gxf4 48.gxf4 Bd3 49.Be8 Ke4 50.Bc6+ Kxf4
51.Bb7 Be4 52.Ba6 Ng4 53.Bc8 Bf3 54.Ba6 Ke3 55.Bc8 Ke2 56.Ba6+ Ke1 57.Bc8 Nf6
58.Ba6 Nh5 59.Bc8 Nf4 60.h3 Ne2+ 61.Kh2 Kf2 62.Bd7 Ng3 63.Bb5 Bg2 64.Ba6 Nf5
65.Bc8 Ne3 66.Ba6 Nf1+ 67.Bxf1 Bxf1  0-1

[Event "EuTChw"]
[Site "Leon ESP"]
[Date "2001.11.08"]
[Round "3"]
[White "Maric,A"]
[Black "Krivec,J"]
[Result "1-0"]
[WhiteElo "2457"]
[BlackElo "2249"]

1.d4 d5 2.Nf3 Nf6 3.c4 dxc4 4.e3 e6 5.Bxc4 c5 6.O-O a6 7.Bb3 b5 8.a4 b4 9.Nbd2 Be7
10.dxc5 Bxc5 11.e4 Bb7 12.Qe2 Qc7 13.e5 Nfd7 14.Nc4 Nb6 15.Nxb6 Qxb6 16.a5 Qc7
17.Ba4+ Bc6 18.Be3 Bxe3 19.Qxe3 O-O 20.Bxc6 Nxc6 21.Rfc1 Qb7 22.Rc4 Ne7 23.Ng5 Nf5
24.Qe4 Rab8 25.Qxb7 Rxb7 26.Ne4 Ne7 27.Nd6 Rbb8 28.Rac1 Nd5 29.f4 g6 30.g3 Kg7
31.Kf2 h5 32.Kf3 Rfd8 33.Rc6 Ra8 34.R1c4 Rdb8 35.b3 Ra7 36.Rc8 Rxc8 37.Rxc8 Ne7
38.Rc5 Nd5 39.Ke4 Rd7 40.Rc6 Nc3+ 41.Kd4 Ra7 42.Kc5 Nd5 43.Nc8 Ra8 44.Nb6 Rb8
45.Rd6 Ne3 46.Kxb4 Nf1 47.Kc5 Nxh2 48.b4 Nf1 49.Rd3 Rh8 50.b5  1-0

[Event "EuTChw"]
[Site "Leon ESP"]
[Date "2001.11.09"]
[Round "4"]
[White "Peng Zhaoqin"]
[Black "Skripchenko,A"]
[Result "1/2-1/2"]
[WhiteElo "2443"]
[BlackElo "2497"]

1.d4 d5 2.c4 dxc4 3.e3 e6 4.Bxc4 Nf6 5.Nf3 c5 6.O-O a6 7.Bb3 b5 8.a4 b4 9.Nbd2 Be7
10.e4 cxd4 11.e5 Nfd7 12.Nc4 Nc6 13.Bf4 Nc5 14.Nd6+ Bxd6 15.exd6 Nxb3 16.Qxb3 O-O
17.Rfd1 Qf6 18.Qc2 Bd7 19.Bg5 Qg6 20.Qxg6 hxg6 21.Nxd4 Nxd4 22.Rxd4 f6 23.Be3 a5
24.Rc4 Ra6 25.Rc7 Rd8 26.Bc5 Kf7 27.f4 Ke8 28.Rc1 Rc8 29.Rxc8+ Bxc8 30.Bxb4 axb4
31.Rxc8+ Kd7 32.Rg8 Rxa4 33.Rxg7+ Kxd6 34.Rxg6 Ra2 35.Rxf6 Rxb2 36.Rf8 Kc7
37.Rf7+ Kc6 38.Rf8 Kc7 39.Rf7+ Kc6 40.Rf8  1/2-1/2

[Event "EuTChw"]
[Site "Leon ESP"]
[Date "2001.11.11"]
[Round "6"]
[White "Zhukova,N"]
[Black "Krivec,J"]
[Result "1-0"]
[WhiteElo "2441"]
[BlackElo "2249"]

1.d4 d5 2.Nf3 Nf6 3.c4 dxc4 4.e3 e6 5.Bxc4 c5 6.O-O a6 7.a4 Nc6 8.Qe2 cxd4
9.Rd1 Be7 10.exd4 O-O 11.Nc3 Nb4 12.Ne5 b6 13.Bg5 Nfd5 14.Bxe7 Nxe7 15.Ra3 Nbd5
16.Nxd5 Nxd5 17.Nc6 Qd7 18.Bxd5 exd5 19.Ne5 Qd6 20.Qf3 f6 21.Nd3 Re8 22.a5 Re4
23.h3 Rxd4 24.Qe3 Re4 25.Qxb6 Qxb6 26.axb6 Re6 27.Rb3 Rb8 28.Rc1 Rd6 29.b7 Bf5
30.Rc7 h5 31.Nb4 d4 32.Nc6 d3 33.Rxd3 Rxc6 34.Rxc6 Rxb7 35.Rd2 Ra7 36.Rb6 a5
37.Rd5 Bg6 38.Rbb5 a4 39.Ra5 Rb7 40.Rdb5 Rxb5 41.Rxb5 Kh7 42.Ra5 Be8 43.h4 Kh6
44.Kf1 g5 45.g3 Kg6 46.Ke1  1-0

[Event "FSIM November"]
[Site "Budapest HUN"]
[Date "2001.11.14"]
[Round "12"]
[White "Mensch,E"]
[Black "Vass,V"]
[Result "1-0"]
[WhiteElo "2299"]
[BlackElo "2166"]

1.d4 d5 2.c4 dxc4 3.Nf3 Nf6 4.e3 e6 5.Bxc4 c5 6.O-O a6 7.Bb3 Nc6 8.Qe2 cxd4
9.Rd1 Be7 10.Nc3 O-O 11.Nxd4 Nxd4 12.exd4 Nd5 13.Qf3 Nxc3 14.bxc3 Bf6 15.Bf4 Qb6
16.Rab1 Qa7 17.Bc2 a5 18.Rb5 b6 19.Rdb1 Ba6 20.Rxb6 Rac8 21.Qh5 g6 22.Qxa5 Ra8
23.Be4 Bc4 24.Qb4 Bxa2 25.Ra1 Rab8 26.Qb2 e5 27.Rxa2 Qe7 28.Rxf6 exf4 29.Rxf4 g5
30.Qe2 Kh8 31.Rf3 Rfe8 32.Re3 Qd6 33.Ra1  1-0

[Event "EuTChw"]
[Site "Leon ESP"]
[Date "2001.11.14"]
[Round "8"]
[White "Botsari,A"]
[Black "Krivec,J"]
[Result "1-0"]
[WhiteElo "2315"]
[BlackElo "2249"]

1.d4 d5 2.c4 dxc4 3.Nf3 Nf6 4.e3 e6 5.Bxc4 c5 6.O-O a6 7.b3 Nc6 8.Bb2 cxd4
9.Nxd4 Bd7 10.Nd2 Be7 11.Be2 O-O 12.Bf3 Rc8 13.Rc1 Nb4 14.Rxc8 Bxc8 15.a3 Nd3
16.Ba1 Ne5 17.Be2 Bxa3 18.Nxe6 Bxe6 19.Bxe5 Bb4 20.Nf3 Qxd1 21.Rxd1 Nd7 22.Bg3 Nf6
23.Nd4 Bc8 24.Bf3 Bg4 25.Bxg4 Nxg4 26.Rc1 Ba5 27.Nf5 Nf6 28.Nd6 b5 29.Ra1 Bb4
30.Rxa6 Rd8 31.h3 Nh5 32.Nxb5 Nxg3 33.fxg3 Rd3 34.Ra8+ Bf8 35.Nd4 Rxe3 36.b4 g6
37.Kf2 Re4 38.Rd8 Kg7 39.Kf3 Re5 40.Nc6 Re6 41.b5 Bc5 42.Rd3 f5 43.Rc3 Bb6
44.Rb3 Re1 45.Nb4 Rf1+ 46.Ke2 Rf2+ 47.Kd3 Rxg2 48.Kc4 Bc7 49.Nd5 Bd6 50.Nf4 Rg1
51.b6 g5 52.Ne2 Rg2 53.Nd4 Kg6 54.b7 Bc7 55.Rb6+ Kf7 56.Nxf5 Rf2 57.g4 Rf3
58.Rh6 Kg8 59.Rc6 Bf4 60.Nd6  1-0

[Event "ch-NR"]
[Site "Novosibirsk RUS"]
[Date "2001.11.14"]
[Round "2"]
[White "Bocharov,D"]
[Black "Bespalov,A"]
[Result "1/2-1/2"]
[WhiteElo "2425"]
[BlackElo "2296"]

1.d4 d5 2.c4 dxc4 3.Nf3 Nf6 4.e3 e6 5.Bxc4 c5 6.O-O a6 7.Bb3 Nc6 8.Nc3 cxd4
9.exd4 Be7 10.Re1 O-O 11.Bf4 Na5 12.Bc2 b5 13.Ne5 Bb7 14.Qd3 Nc6 15.Nxc6 Bxc6
16.Rad1 b4 17.d5 bxc3 18.d6 cxb2 19.dxe7 Qxe7 20.Bd6 Qb7 21.Bxf8 Rxf8 22.Qb3 Qa8
23.Qg3 Rc8 24.Rb1 Qb7 25.Bb3 Qb4 26.Red1 Ne4 27.Qf4 Qc3 28.Qc7 Rf8 29.Qb6 Bb5
30.Rd8 Qc1+ 31.Rd1 Qc3 32.Rd8 Qc1+ 33.Rd1  1/2-1/2

[Event "FIDE WCh Women KO"]
[Site "Moscow RUS"]
[Date "2001.11.28"]
[Round "1.2"]
[White "Shumiakina,T"]
[Black "Danielian,E"]
[Result "0-1"]
[WhiteElo "2371"]
[BlackElo "2373"]

1.d4 d5 2.c4 dxc4 3.Nf3 Nf6 4.e3 e6 5.Bxc4 c5 6.O-O a6 7.Bb3 Be7 8.dxc5 Qxd1
9.Rxd1 Bxc5 10.Nc3 b5 11.Bd2 Bb7 12.Rac1 Nbd7 13.a4 b4 14.Ne2 Ke7 15.a5 Rhc8
16.Ned4 Rab8 17.Be1 g6 18.Bc4 Bd6 19.Bxa6 Rxc1 20.Rxc1 Bxa6 21.Nc6+ Ke8 22.Nxb8 Nxb8
23.Nd4 Kd7 24.Nb3 Nc6 25.f4 Ne4 26.g3 Ne7 27.Bf2 Nd5 28.Nd4 Nc5 29.Rd1 Nf6
30.Nf3 Nd3 31.e4 Nxe4 32.Bd4 f6 33.Kg2 Ke7 34.h3 e5 35.fxe5 fxe5 36.Bb6 Nxb2
37.Re1 Bb7 38.a6 Ba8 39.Kh2 Nc4 40.Be3 b3 41.Bc1 Nc5 42.a7 Bxf3 43.Bg5+ Ke6
44.Rf1 Ba8  0-1

[Event "FSGMB December"]
[Site "Budapest HUN"]
[Date "2001.12.06"]
[Round "6"]
[White "Grivas,E"]
[Black "Vajda,S"]
[Result "1/2-1/2"]
[WhiteElo "2489"]
[BlackElo "2352"]

1.d4 d5 2.c4 dxc4 3.Nf3 Nf6 4.e3 e6 5.Bxc4 c5 6.O-O a6 7.a3 Nc6 8.Qe2 Qc7
9.Rd1 cxd4 10.exd4 Be7 11.Nc3 O-O 12.Bg5 b5 13.Ba2 Bb7 14.d5 exd5 15.Nxd5 Nxd5
16.Bxd5 Bxg5 17.Nxg5 h6 18.Ne4 Qe5 19.Qd2 Rad8 20.f4 Qf5 21.Ng3 Qf6 22.Qf2 Na5
23.Bxb7 Nxb7 24.h3 Nd6 25.b3 Nf5 26.Nxf5 Qxf5 27.Rxd8 Rxd8 28.Rf1  1/2-1/2

[Event "FSGMB December"]
[Site "Budapest HUN"]
[Date "2001.12.08"]
[Round "8"]
[White "Szeberenyi,A"]
[Black "Vajda,S"]
[Result "1-0"]
[WhiteElo "2365"]
[BlackElo "2352"]

1.d4 d5 2.c4 dxc4 3.Nf3 Nf6 4.e3 e6 5.Bxc4 c5 6.O-O a6 7.a4 Nc6 8.Nc3 Be7
9.dxc5 Bxc5 10.Qe2 Qc7 11.b3 O-O 12.Bb2 Rd8 13.Rac1 Bd6 14.Rfd1 Bd7 15.Bd3 Be8
16.Ne4 Nxe4 17.Bxe4 Qa5 18.Bb1 Qh5 19.Qc2 Rac8 20.h3 Ne7 21.Qe4 Bc6 22.Qg4 Qxg4
23.hxg4 Bd5 24.Rxc8 Nxc8 25.Bc2 b5 26.axb5 axb5 27.Nd4 b4 28.Nb5 Bc6 29.Nxd6 Rxd6
30.Bd4 Ne7 31.Rc1 Rd7 32.Bc5 Nd5 33.Be4 f6 34.Rc4 Rb7 35.Bd6 Rb6 36.Bc5 Rb7
37.Bd4 Bd7 38.Rc5 Rc7 39.Rxc7 Nxc7 40.Bc5 Nd5 41.Bd3 Bc6 42.f3 Kf7 43.e4 Nc7
44.Bxb4 g6 45.Kf2 Ke8 46.Ke3 Kd7 47.Bc3 e5 48.g5 Nb5 49.Bxb5 Bxb5 50.gxf6 Ke6
51.f4 Kxf6 52.Bxe5+ Ke6 53.Kd4 h5 54.g3 Bf1 55.b4 Be2 56.Bg7 Bf1 57.Bh6 Be2
58.Bg5 Bf1 59.Ke3 Ba6 60.Kd4 Bf1 61.Kc5 Bg2 62.e5 Kd7 63.b5 Bf3 64.Kb6 Be2
65.e6+ Kxe6 66.Kc6 Bf3+ 67.Kc7 Kf5 68.b6  1-0